Sanat - "Kiitos ja kunnia" - Yö - Statistics

Yleistilastot
  • Tätä visaa on pelattu 19 kertaa
  • Keskiarvotulos 108 / 196
Vastaustilastot
Vastaus % Oikein
Kiitos
100%
kiitos
100%
kunnia
100%
ja
93%
aina
80%
80%
saa
80%
jäävät
73%
raskaan
73%
saamatta
73%
et
67%
kuka
67%
sankariksi
67%
työnsä
67%
käy
60%
käyt
60%
nostaa
60%
nukkumaan
60%
Sinä
60%
sinä
60%
hienon
53%
raatajan
53%
tehneenä
53%
työsi
53%
unta
53%
ei
47%
odottaa
47%
varjoista
47%
huomaa
40%
kai
40%
missä
40%
sinua
40%
sut
40%
vaan
40%
eteenpäin
33%
hetken
33%
jäät
33%
jälleen
33%
nouset
33%
olet
33%
vaikka
33%
vain
33%
yksin
33%
enää
27%
jos
27%
kiittäisi
27%
mikä
27%
missään
27%
näät
27%
näy
27%
rauhoitut
27%
saat
27%
seuraavana
27%
siitä
27%
sua
27%
unen
27%
yönä
27%
edelleen
20%
harteillasi
20%
jaksaa
20%
jatkaa
20%
joku
20%
jotka
20%
kaikki
20%
kannat
20%
kierroksen
20%
maailmaa
20%
mietit
20%
miten
20%
näin
20%
niitä
20%
pienen
20%
tahtoisi
20%
tarkkaan
20%
teet
20%
tiedät
20%
työstään
20%
varmaan
20%
voimaa
20%
ymmärtää
20%
ehkä
13%
hyvyyteen
13%
katsot
13%
kunia
13%
sillä
13%
silti
13%
tätä
13%
uskot
13%
tarkkailen
7%
Ehtoja vastaavia visoja ei löytynyt
Tulosjakauma
Jokaisen tuloksen saaneiden osuus
Persentiili vastausten määrän mukaan
Tuloshistoriasi
Et ole pelannut tätä visaa